000 00340 a2200121 4500
000 nam a22 7a 4500
005 20260512120157.0
020 _a9789382695967
100 _aशक्ति पद शर्मा
_91239101
245 _aइस्लाम का इतिहास
260 _bVikalp prakashan
_c2023
942 _cTEXL
999 _c1851235
_d1851235